000 00539nam a2200145 a 4500
005 20140414131907.0
008 100930s19uu xx 00 eng d
050 _aM 709.2
_bOs1 2009
100 _aOsborne, Mary Pope
245 _aLeonardo da Vinci :
_ba nonfiction companion to Monday with a mad genius /
_cby Mary POpe Osborne and Natalie Pope Boyce ; illustrated by Sal Murdocca.
250 _a1st ed.
260 _aNew York :
_bRandom House,
_c2009.
650 _aLeonardo, da Vinci, 1452-1519 --Juvenile literature.
999 _c111010
_d111010